Coneixement i interès : amb un nou epíleg / Jürgen Habermas ; traducció i edició a cura de Gerard Vilar i Iñaki Olartua ; pròleg de Raúl Gabás amb un nou epíleg / Jürgen Habermas ; traducció i edició a cura de Gerard Vilar i Iñaki Olartua ; pròleg de Raúl Gabás
Descripción Física:
362 p. ; 20 cm
Colección:
Clàssics del pensament modern ; 36
Materias:
Coneixement, Teoria del
MARC
| LEADER | 00000nam a2200000Ia 4500 | ||
|---|---|---|---|
| 001 | 6299 | ||
| 008 | 160829s1987 xx 000 0 cat d | ||
| 080 | |a F-1-53 | ||
| 100 | |a Habermas, Jürgen |9 27655 | ||
| 245 | |a Coneixement i interès : |b amb un nou epíleg / Jürgen Habermas ; traducció i edició a cura de Gerard Vilar i Iñaki Olartua ; pròleg de Raúl Gabás | ||
| 260 | |a Barcelona : |b Edicions 62 : |b Diputació de Barcelona, |c 1987 | ||
| 300 | |a 362 p. ; |c 20 cm | ||
| 490 | |a Clàssics del pensament modern ; 36 | ||
| 650 | |a Coneixement, Teoria del |9 26701 | ||
| 700 | |a Vilar, Gerard, tr. |9 27656 | ||
| 700 | |a Olartua, Iñaki, tr. |9 27657 | ||
| 700 | 1 | |a Gabás, Raúl |9 27658 | |
| 710 | 1 | |a Barcelona (Catalunya : Província). |b Diputació |9 52408 | |
| 901 | |a Arxiu | ||
| 942 | |n 1 | ||
| 952 | |0 0 |1 0 |4 0 |6 F153 |7 1 |9 44501 |a Arxiu |b Arxiu |d 2016-12-01 |l 0 |o F-1-53 |p 6299 |r 2016-12-01 00:00:00 |w 2016-12-01 |y ARXIU | ||
| 999 | |c 47082 |d 47082 | ||